Play winning Chess (Record no. 10700)

MARC details
000 -LEADER
fixed length control field 00479cam a2200193ua 4500
001 - CONTROL NUMBER
control field 11924
005 - DATE AND TIME OF LATEST TRANSACTION
control field 20260515114821.0
008 - FIXED-LENGTH DATA ELEMENTS--GENERAL INFORMATION
fixed length control field 191119n ii |||gr||||Z||||||eng
020 ## - INTERNATIONAL STANDARD BOOK NUMBER
International Standard Book Number 9781857443318
040 ## - CATALOGING SOURCE
Transcribing agency MAIN
082 ## - DEWEY DECIMAL CLASSIFICATION NUMBER
Classification number 794.12
100 ## - MAIN ENTRY--PERSONAL NAME
Personal name Yasser Seirawan,
Relator term Author.
245 ## - TITLE STATEMENT
Title Play winning Chess
Statement of responsibility, etc. By Yasser Seirawan
260 ## - PUBLICATION, DISTRIBUTION, ETC.
Place of publication, distribution, etc. Chennai:
Name of publisher, distributor, etc. Citedal Chess World,
Date of publication, distribution, etc. 2005.
300 ## - PHYSICAL DESCRIPTION
Extent 222p.
653 ## - INDEX TERM--UNCONTROLLED
Uncontrolled term Indoor games of skill
653 ## - INDEX TERM--UNCONTROLLED
Uncontrolled term Chess
942 ## - ADDED ENTRY ELEMENTS (KOHA)
Koha item type Books
Holdings
Withdrawn status Lost status Damaged status Not for loan Home library Current library Shelving location Date acquired Total checkouts Full call number Barcode Date last seen Date last checked out Copy number Price effective from Koha item type
        Naharkatiya College Library Naharkatiya College Library General stacks 09/19/2020 5 794.12SEI 22871 10/27/2025 10/27/2025 1 09/19/2020 Books